| Tag |
First Indicator |
Second Indicator |
Subfields |
| LEADER |
00000cam a22000003i 4500 |
| 001 |
in00002500406 |
| 005 |
20190327173532.0 |
| 006 |
m||||||||d|||||||| |
| 007 |
cr |n ---||a|a |
| 008 |
700901s1970 nyu s 000|0 eng d |
| 035 |
|
|
|9 (DLC) 70119846
|
| 035 |
|
|
|a (VaAlASP)ASP1000054334/blww
|
| 040 |
|
|
|a DLC
|c DLC
|d DLC
|d VaAlASP
|d UtOrBLW
|
| 050 |
0 |
0 |
|a PS3557.I55
|b B64
|
| 082 |
0 |
0 |
|a 811/.5/4
|
| 100 |
1 |
|
|a Giovanni, Nikki.
|
| 245 |
1 |
0 |
|a Black feeling, Black talk, Black judgement.
|
| 264 |
|
1 |
|a New York :
|b W. Morrow,
|c 1970.
|
| 300 |
|
|
|a vii, 98 pages ;
|c 22 cm.
|
| 336 |
|
|
|a text
|b txt
|2 rdacontent
|
| 337 |
|
|
|a computer
|b c
|2 rdamedia
|
| 338 |
|
|
|a online resource
|b cr
|2 rdacarrier
|
| 500 |
|
|
|a Poems.
|
| 533 |
|
|
|a Electronic reproduction.
|b Alexandria, VA :
|c Alexander Street Press,
|d 2006.
|f (Black women writers).
|n Available via World Wide Web.
|
| 500 |
|
|
|a Electronic resource.
|
| 655 |
|
0 |
|a Electronic books.
|
| 776 |
1 |
|
|c Original
|w (DLC) 70119846
|
| 830 |
|
0 |
|a Black women writers series.
|
| 856 |
4 |
0 |
|z Connect to the full text of this electronic book
|u http://proxy.library.tamu.edu/login?url=http://www.aspresolver.com/aspresolver.asp?BLWW;1000054334
|t 0
|
| 999 |
|
|
|a MARS
|
| 999 |
f |
f |
|s 9749d0b8-b5c3-3494-baa1-2ae023c96fb1
|i 9a0eac4c-37c5-3d92-886d-77edf66c0333
|t 0
|
| 952 |
f |
f |
|a Texas A&M University
|b College Station
|c Electronic Resources
|d Available Online
|t 0
|e PS3557.I55 B64
|h Library of Congress classification
|
| 998 |
f |
f |
|a PS3557.I55 B64
|t 0
|l Available Online
|